Operis de religione (Registro nro. 242991)

Detalles MARC
000 -ENCABEZADO
Número de control [NR] 02753cam a2200277I 4500
005 - FECHA Y HORA DE LA ÚLTIMA TRANSACCIÓN
control field 20140903175121.0
008 - DE LONGITUD FIJA DE DATOS DE ELEMENTOS - INFORMACIÓN GENERAL
Elementos de longitud fija [NR] 790419s1630 fr fr 001 0 latsd
035 ## - NUMERO DE CONTROL DEL SISTEMA [R]
Número de control del sistema [NR] (OCoLC)4872561
040 ## - FUENTE DE CATALOGACION [NR]
Agencia de catalogación original [NR] DGU
Idioma de catalogación [NR] spa
Quien Cataloga Sandra Yazo
Quien Clasifica Sandra Yazo
041 0# - CODIGO DE IDIOMA [R]
Código de idioma para texto/pista de sonido o título separado [R] Latín
082 04 - NUMERO DE CLASIFICACION DECIMAL DEWEY [R]
Número de la edición [NR] 20
Número de clasificación [R] 282
092 ## - SIGNATURA TOPOGRAFICA LOCAL
Número de clasificación local E29N046
100 1# - ASIENTO PRINCIPAL--NOMBRE PERSONAL [NR]
Nombre personal [NR] Suárez, Francisco,
Fechas asociadas con el nombre [NR] 1548-1617
ID Autoridad 61393
242 00 - TRADUCCION DEL TITULO POR LA AGENCIA CATALOGADORA [R]
Título [NR] Obras sobre la Religión.
Mención de responsabilidad, etc. [NR] Francisco Suarez
Número de la parte o sección [R] Tomo segundo
Nombre de la parte o sección [R] Incluye el Tratado IV, sobre la oración, la devoción y las Horas Canónicas. El tratado V, sobre el juramento y los conjuros. El tratado VI, sobre el voto
Código de idioma del título traducido [NR] spaq
245 10 - MENCION DE TITULO [NR]
Título [NR] Operis de religione
Número de la parte/sección de la obra [R] Tomus secundus
Nombre de la parte/sección de la obra [R] Complectens Tractatus IV. De oratione, devotione et Horis Canonicis. V. De iuramento et adiuratione. VI. De voto.
Mención de responsabilidad, etc. [NR] Auctore P.D. Francisco Suarez ...
250 ## - MENCION DE EDICION [NR]
Mención de edición [NR] Editio novissima [Última edición]
260 ## - PUBLICACION, DISTRIBUCION, ETC. (PIE DE IMPRENTA) [R]
Lugar de publicación, distribución, etc. [R] Lugduni [Lyon] (Francia)
Nombre del editor, distribuidor, etc. [R] Sumptibus Iacobi Cardon [A expensas de Santiago Cardon]
Fecha de publicación, distribución, etc. [R] 1630
300 ## - DESCRIPCION FISICA [R]
Extensión [R] [6], 804, [39] páginas
Dimensiones [R] 35 x 23 cm.
500 ## - NOTA GENERAL [R]
Nota general [NR] Detalles físicos: Encuadernación rígida en cartón forrado en cuero. Lomo con nervaduras sobre costura y adornos en dorado. Rotura en el lomo. Guardas. Portada impresa en dos tintas con un marco decorativo de página entera. Dedicatoria al Obispo Martín Alonso de Melo. Licencias y permisos. Privilegio del Rey de Francia (París, 1609). Adornos, cenefas y mayúsculas capitales. Texto impreso en dos columnas, párrafos numerados y marcados con letras mayúsculas. Apostillas marginales. Signaturas. Reclamos. Cortes decorados con color rojo. Papel muy manchado.
505 0# - NOTA DE CONTENIDO CON FORMATO PREESTABLECIDO [R]
Nota de contenido con formato preestablecido [NR] V.2: Tratado 4, La oración, la devoción y las Horas Canónicas ; La oración en general ; La oración mental ; La devoción ; La oración vocal en general ; La oración privada ; La oración pública de la Iglesia: las Horas Canónicas y la alabanza a Dios mediante el canto y la recitación de los salmos -- Tratado 5, El juramento y los conjuros ; Sobre el juramento en general ; El juramento asertorio ; El juramento promisorio ; Obligación derivada de éste ; Preceptos relacionados con los juramentos ; El perjurio y otros pecados contra aquél ; Sobre las interpelaciones solemnes (conjuros) -- Tratado 6, El voto ; Esencia y honestidad de los votos ; La materia del voto; distinción entre clases de votos, a partir de su materia ; Personas que pueden comprometerse mediante voto ; La obligación que genera el voto ; Pecados contra la fidelidad a los votos ; Anulación, conmutación y dispensa de los votos.
650 #7 - ASIENTO SECUNDARIO DE MATERIA - TERMINO TEMATICO [R]
Término temático o nombre geográfico como elemento de entrada [NR] Iglesia católica
Subdivisión general [R] Virtudes
9 (RLIN) 61394
650 #7 - ASIENTO SECUNDARIO DE MATERIA - TERMINO TEMATICO [R]
Término temático o nombre geográfico como elemento de entrada [NR] Teología
9 (RLIN) 36871
Subdivisión general [R] Moral
-- Obras anteriores a 1800
650 #7 - ASIENTO SECUNDARIO DE MATERIA - TERMINO TEMATICO [R]
Término temático o nombre geográfico como elemento de entrada [NR] Vida religiosa
9 (RLIN) 26235
690 ## - ASUNTO AGREGADO LOCAL DE ENTRADA - TÉRMINO TEMÁTICO (OCLC, RLIN)
Acceso temático local Teología
942 ## - ELEMENTOS DE ENTRADA AGREGADOS (KOHA)
Tipo de ítem principal el descrito en 300a Libro
Edición 1
Sistema de clasificación DEWEY
Clasificación 282
Existencias
Suprimido Perdido Sistema de clasificación Dañado No prestable Tipo de ítem específico Ubicación habitual Ubicación actual Localización Fecha de creación Forma de adquisición Costo Volúmen / Fascículo Total préstamos Signatura topográfica Código de barras Última vez visto Ejemplar Price effective from Tipo de ítem
    LOCAL     Libro archivo Archivo Histórico Archivo Histórico Archivo histórico 20/05/2014 Donación 0.00 V.2   E29N046 L004143 20/05/2014 Ej. 20/05/2014 Libro